000 00373nam a2200133Ia 4500
005 20260326235505.0
008 260326s9999||||xx |||||||||||||| ||und||
100 _aDíaz Espino, Ovidio
245 0 _aEl País creado por Wall Street :
_b La Historia no contada de Panamá /
_cOvidio Díaz Espino
260 _bPlaneta
300 _a272 p.
650 _aHISTORIA
942 _cBK
999 _c8166
_d8166